000 00827nam a22002537a 4500
001 00119
003 DO-SdBNP
005 20160328112412.0
007 00119
008 160328b xxu 1999 ||||| |||| 00| 0 spa d
020 _a978395872741
040 _aBPMSU
_bspa
_cBPMSU
092 _axxxxxxx
_bxxxxxxx
245 1 0 _aWordl history :
_bpatterns of interaction /
_cRoger B. Black... [et. al.].
260 _aEstados Unidos :
_bMcDougal littell,
_c1999.
300 _axxxviii, 1082 p. :
_bil.,
_c28 cm.
500 _a"The history of civilizations, in fact, is the history of continual mutual borrowings over many centuries,"
700 1 0 _aBlack, Linda,
_eed
700 1 0 _aKrieger, Larry S.,
_eed.
700 1 0 _aNaylor, Phillip C.,
_eed.
700 1 0 _aShabaka, Dahia Ibo,
_eed.
942 _2ddc
_cBK
956 _aBrenda Tavárez
999 _c9392
_d9392